Využitie komunikačných spôsobilostí v procese vedenia zamestnancov Stavebného bytového družstva I., Košice bakalárska práca

Uložené v:
Podrobná bibliografia
Hlavný autor: Gold, Karol
Korporativný autor: Podnikovohospodárska fakulta EU so sídlom v Košiciach. Katedra manažmentu
Ďalší autori: Bašistová, Alena
Médium: Kniha
Jazyk:Slovak
Vydavateľské údaje: Košice 2011
Tagy: Pridať tag
Žiadne tagy, Buďte prvý, kto otaguje tento záznam!

MARC

LEADER 00000nbm a2200000 4500
001 0139351
005 20161109111617.6
041 0 |a slo 
044 |a SK 
245 1 0 |a Využitie komunikačných spôsobilostí v procese vedenia zamestnancov Stavebného bytového družstva I., Košice  |b bakalárska práca  |c Karol Gold ; školiteľ: Alena Bašistová 
264 1 |a Košice  |c 2011 
300 |a 70 s. 
100 1 |a Gold, Karol 
700 1 |a Bašistová, Alena 
710 2 |a Podnikovohospodárska fakulta EU so sídlom v Košiciach. Katedra manažmentu